UP ALL NIGHT- Song Quiz- one direction - Statistics

General Stats
  • This quiz has been taken 345 times
  • The average score is 12 of 15
Answer Stats
Up All Night Up All Night Songs % Correct
1 what makes you beautiful
96%
5 up all night
92%
2 gotta be you
85%
3 one thing
85%
9 i want
82%
6 i wish
80%
8 taken
77%
4 more than this
75%
15 moments
73%
11 same mistakes
72%
12 save you tonight
72%
14 stand up
71%
13 stole my heart
71%
10 everything about you
70%
7 tell me a lie
69%
No matching quizzes found
Score Distribution
Percent of People with Each Score
Percentile by Number Answered
Your Score History
You have not taken this quiz